=LDR 00000nam 2200000 4500 =001 INLIS000000000050552 =005 20221128065916 =035 ##$$a 0010-0517000205 =007 ta =008 221128################g##########0###### =020 ##$$a 978-979-1254 - 65 - 6 =082 ##$$a R 297.092 =084 ##$$a R 297.092 FAR b =100 #$$a Farid, Syaikh Ahmad =245 1#$$a Biografi enam puluh ulama ahlus sunnah : $b yang paling berpengaruh dan fenomal dalam sejarah islam /$c Syaikh Ahmad Farid, penerjemah Ahmad Syaiku, A.Ag =250 ##$$a Cet.4 =260 ##$$a Jakarta :$b Darul Haq,$c 2016 =300 ##$$a xlviii, 964 hlm. ; $c 25 x 16 cm =650 #4$$a Biografi =700 #$$a Ahmad Syaiku, A.Ag =504 ##$$a Bibliografi hlm 961-964 =990 ##$$a 31701348 =990 ##$$a 31701347